| 000 | 00732nas a2200205 i 4500 | ||
|---|---|---|---|
| 001 | 189936 | ||
| 003 | ES-MaACL | ||
| 005 | 20250217134935.0 | ||
| 008 | 200129d19181935ve ar m | |spa d | ||
| 022 | _a9961-8737 | ||
| 110 | 1 |
_aVenezuela. _bMinisterio de Obras Públicas. _97549 |
|
| 245 | 1 | 0 | _aMemoria que presenta... Ministerio de Obras Públicas a las Cámaras Legislativas en... Estados Unidos de Venezuela. |
| 260 |
_aCaracas : _b[s.n., _c1918-1935] |
||
| 300 |
_a21 v. : _bil. ; _c32 cm. |
||
| 310 | _aAnual | ||
| 852 | 4 |
_aES-MaACL _jC-11179-95 _z(1918, 1922-23, 1931-33, 1935) |
|
| 852 | 4 |
_aES-MaACL _jB-6501-03 _z(1930; con 1 v. de planos) |
|
| 866 | 0 | _o1918, 1922-23, 1930-33, 1935. | |
| 999 |
_c189936 _d189936 |
||